000 00887cam a22001814a 4500
005 20250605164342.0
008 250528s ||||||||||||||||||||||||d
035 _a23678
040 _aGR-AtMCL
_bgre
_dGR-AtMCL
_eAACR2
245 1 _aExploring High Failure Rates of ERC Implementation
260 _c2009
300 _a121
520 _aAcknowledgements, Glossary, Introduction, ERP Definition, ERP Definition, Promises Benefits, ERP Pitfalls, Literature Survey, ERP Implementation Models, Critical Success Factors, ERP Implementation Success, The Dimension of OIrganization Culture, Purpose of the Study, Tyoe of Investigation, Framework for CSFS, Framework for Culture, Sampling Design, Data Collection Method, Statistical Analysis Followed, Research Limitations, References, Appendix.
700 1 _aIliopoulos Foivos
_99260
942 _cDS
999 _c8662
_d8662